Statistics for Animals That Start With C

Click here to take the quiz!

General Stats

  • This quiz has been taken 121 times
  • The average score is 11 of 15

Answer Stats

HintAnswer% Correct
Fastest mammal.Cheetah
99%
Animal that produces milk that humans drink.Cow
98%
Alligator relative.Crocodile
98%
Closest relative to humans.Chimpanzee
95%
Egg-laying farm bird.Chicken
93%
Fish used in "fish and chips".Cod
80%
Young elephant.Calf
78%
Chip and Dale.Chipmunk
77%
Small red bird.Cardinal
74%
Bird used in coal mines.Canary
73%
Young horse.Colt
63%
Crabs, lobsters, etc.Crustacean
63%
Common food in Maryland.Crab
57%
South American white-faced monkey.Capuchin
29%
Largest flying bird in America.California Condor
19%

Score Distribution

Percentile by Number Answered

Percent of People with Each Score

Your Score History

You have not taken this quiz